| 000 | 00433nam a22001457a 4500 | ||
|---|---|---|---|
| 082 |
_a823 _bJAY/C |
||
| 100 | _aJAYASREE,NIDHI | ||
| 245 | _aTHE CUNNING FOX AND OTHER STORIES-MORAL STORIES-3 | ||
| 246 |
_aTHE CUNNING FOX AND OTHER STORIES-MORAL STORIES-3 _bTHE CUNNING FOX AND OTHER STORIES-MORAL STORIES-3 |
||
| 260 |
_aSHIVAKASI, INDIA _bESHA |
||
| 300 | _a16 | ||
| 520 | _aMORAL STORIES | ||
| 650 | _aENGLISH FICTION | ||
| 942 | _cBK | ||
| 999 |
_c8700 _d8700 |
||